1600 1668 1339 1533 1244 1670 1964 1896 1486 1863 1428 1560 1301 1604 1580 1581 1801 1089 1297 1690 1411 1695 1956 1824 1434 1963 1218 1032 1148 1314 1842 1908 1145 1783 1619 1985 1832 1404 1268 1227 1916 1565 1712 1653 1233 1588 1863 1719 1492 1450 1974 1141 1112 1592 1774 1084 1008 1823 1247 1579 1442 1556 1662 1311 1777 1265 1195 1556 1952 1690 1967 1414 1424 1694 1713 1151 1440 1458 1983 1256 1531 1510 1927 1034 1213 1603 1499 1153 1254 1593 1120 1121 1452 1663 1350 1194 1440 1608 1770 BCNSPRNW ULIB Ver.6.0+V

เปลี่ยนเป็นภาษาไทย

Change to English
 แสดงรายละเอียดบรรณานุกรม
  กลับหน้าหลัก

Brief Record : Get Marc (ISO 2709) : E-mail record : QR code < ปิดหน้าต่าง
LEADER : 00000nam 2200000uu 4500
001    13399120905
003     ULIB
008    121024sมปป.||||th 000 0 tha d
020    ^a9747055236
050  4 ^aHA^bอ825ก
100 0  ^aอุทุมพร (ทองอุไทย) จามรมาน
245 10 ^aการวิจัยของครู /^cโดย อุทุมพร จามรมาน
250    ^aพิมพ์ครั้งที่ 1
260    ^aกรุงเทพฯ :^bฟันนี่พับบลิชชิ่ง,^cมปป.
300    ^a90 หน้า ;^c21 ซม.
650  7 ^aการศึกษาขั้นอุดมศึกษา
650  7 ^aประกันคุณภาพการศึกษาระดับอุดมศึกษา
945    ^p0^l0^i12560
945    ^p0^l0^i12561
995    ^aทศพร
999    ^aทศพร เกษรทอง
รายการนี้ยังไม่มีแท็ก
คุณยังไม่ได้ล็อกอิน คุณสามารถมีกิจกรรมร่วมกับเว็บไซต์ได้ แต่ต้องล็อกอินก่อน ::
  ล็อกอิน

รายการสื่อสารสนเทศ

ลำดับที่ ประเภท เลขเรียก/บาร์โค้ด สถานที่ สถานะ
1. วิทยาศาสตร์การแพทย์ และสุขภาพ
วิทยาศาสตร์การแพทย์ และสุขภาพ
HA อ825ก ฉ.2 
  Barcode: 12560
ห้องสมุดวิทยาเขตสวรรค์ประชารักษ์
►หนังสือทั่วไป
บนชั้น
2. วิทยาศาสตร์การแพทย์ และสุขภาพ
วิทยาศาสตร์การแพทย์ และสุขภาพ
HA อ825ก ฉ.3 
  Barcode: 12561
ห้องสมุดวิทยาเขตสวรรค์ประชารักษ์
►หนังสือทั่วไป
บนชั้น

รายการใกล้เคียง
    ผู้แต่ง [อุทุมพร (ทองอุไทย) จามรมาน]

    หัวเรื่อง [การศึกษาขั้นอุดมศึกษา]
    หัวเรื่อง [ประกันคุณภาพการศึกษาระดับอุดมศึกษา]

BibComment


ยังไม่เคยถูกคอมเมนท์

คอมเมนท์ทรัพยากรรายการนี้
  คอมเมนท์: การวิจัยของครู ..


 Copyright 2026. Bcnsprnw @Library